Doctoral Dissertation Open Access
Heil, Melanie
<?xml version='1.0' encoding='UTF-8'?>
<record xmlns="http://www.loc.gov/MARC21/slim">
<leader>00000nam##2200000uu#4500</leader>
<datafield tag="856" ind1="4" ind2=" ">
<subfield code="s">68113474</subfield>
<subfield code="u">https://publish.etp.kit.edu/record/20760/files/1_iekp-ka2013-19.pdf</subfield>
<subfield code="z">md5:8097e839e7a429ae22c37a851e72ec19</subfield>
</datafield>
<datafield tag="980" ind1=" " ind2=" ">
<subfield code="a">thesis</subfield>
<subfield code="b">phd-thesis</subfield>
</datafield>
<datafield tag="980" ind1=" " ind2=" ">
<subfield code="a">user-ams</subfield>
</datafield>
<datafield tag="980" ind1=" " ind2=" ">
<subfield code="a">user-etp</subfield>
</datafield>
<datafield tag="260" ind1=" " ind2=" ">
<subfield code="c">2013-07-05</subfield>
</datafield>
<datafield tag="700" ind1=" " ind2=" ">
<subfield code="a">De Boer, Wim</subfield>
<subfield code="u">KIT/ETP</subfield>
<subfield code="4">ths</subfield>
</datafield>
<datafield tag="700" ind1=" " ind2=" ">
<subfield code="a">Quast, Günter</subfield>
<subfield code="u">KIT/ETP</subfield>
<subfield code="4">ths</subfield>
</datafield>
<controlfield tag="001">20760</controlfield>
<datafield tag="909" ind1="C" ind2="O">
<subfield code="o">oai:publish.etp.kit.edu:20760</subfield>
<subfield code="p">user-ams</subfield>
<subfield code="p">user-etp</subfield>
</datafield>
<controlfield tag="005">20191205083609.0</controlfield>
<datafield tag="100" ind1=" " ind2=" ">
<subfield code="a">Heil, Melanie</subfield>
<subfield code="u">KIT/EKP</subfield>
</datafield>
<datafield tag="520" ind1=" " ind2=" ">
<subfield code="a"><p>No description available (migrated from EKP Invenio record 48273)&nbsp;&nbsp;&nbsp;&nbsp;&nbsp;&nbsp;&nbsp;&nbsp;&nbsp;&nbsp;&nbsp;&nbsp;&nbsp;&nbsp; &nbsp; &nbsp; &nbsp; &nbsp; &nbsp; &nbsp; &nbsp; &nbsp; &nbsp; &nbsp; &nbsp; &nbsp; &nbsp;&nbsp;&nbsp;&nbsp;&nbsp;&nbsp;&nbsp;&nbsp;&nbsp;&nbsp;&nbsp;&nbsp;&nbsp;</p></subfield>
</datafield>
<datafield tag="245" ind1=" " ind2=" ">
<subfield code="a">Measurement of the positron fraction in cosmic rays from 0.5 - 350 GeV with the AMS-02 detector on the International Space Station</subfield>
</datafield>
<datafield tag="542" ind1=" " ind2=" ">
<subfield code="l">open</subfield>
</datafield>
<datafield tag="041" ind1=" " ind2=" ">
<subfield code="a">eng</subfield>
</datafield>
</record>